Một số kinh nghiệm thực tế về sửa chữa, phục hồi máy điện hạ áp
Сохранить в:
| Главный автор: | |
|---|---|
| Формат: | |
| Язык: | Undetermined |
| Опубликовано: |
Hà Nội
Vụ Kĩ thuật
1975
|
| Предметы: | |
| Метки: |
Добавить метку
Нет меток, Требуется 1-ая метка записи!
|
| Thư viện lưu trữ: | Trung tâm Học liệu Trường Đại học Cần Thơ |
|---|
| LEADER | 00567nam a2200169Ia 4500 | ||
|---|---|---|---|
| 001 | CTU_13827 | ||
| 008 | 210402s9999 xx 000 0 und d | ||
| 082 | |a 621.313 | ||
| 082 | |b Th105 | ||
| 100 | |a Nguyễn, Tiến Thản | ||
| 245 | 0 | |a Một số kinh nghiệm thực tế về sửa chữa, phục hồi máy điện hạ áp | |
| 245 | 0 | |c Nguyễn Tiến Thản | |
| 260 | |a Hà Nội | ||
| 260 | |b Vụ Kĩ thuật | ||
| 260 | |c 1975 | ||
| 650 | |a Electric machinery | ||
| 980 | |a Trung tâm Học liệu Trường Đại học Cần Thơ | ||